00329 a2200133 450000100060000008200120000610000220001824500590004025000060009926000290010530000220013450000200015660000190017682227 a512 FIS aFisher, Robert C. aIntegrated Algebra and TrigonometrycFisher, Robert C. a1 aUSAbPrentice Hallc1957 a427 p.bphotocopy a H & S Textbook aAllen D Ziebur